| 000 | 00349nam a2200145Ia 4500 | ||
|---|---|---|---|
| 008 | 240624s9999 xx 000 0 und d | ||
| 041 | _aeng | ||
| 082 | _a519.535 REN | ||
| 100 | _aRENCHER ALVIN C | ||
| 245 | _aMETHODS OF MULTIVARIATE ANALYSIS | ||
| 250 | _a(3rd ed.) | ||
| 260 |
_c2012 _aNew Jersey _bWiley |
||
| 300 | _a812 : p. | ||
| 365 |
_c _b30 |
||
| 999 |
_c26592 _d26592 |
||